| 000 | 00896cam a2200289 i 4500 | ||
|---|---|---|---|
| 001 | 000003434 | ||
| 003 | DO-SdBNP | ||
| 005 | 20230626090332.0 | ||
| 007 | ta | ||
| 008 | 930223s1987 dk ad 000 0 spa d | ||
| 040 |
_aDO-SdBNP _bspa _cBNPHU _erda |
||
| 082 | 4 |
_a266 _bC755p _222 |
|
| 110 | 1 |
_aConsejo Epicopal Latinoamericano _981235 |
|
| 245 | 0 | 0 | _aPastoral juvenil constructora de la civilización del amor / |
| 264 |
_aSanto Domingo : _bSaturno, _c1987 |
||
| 300 |
_a233 paginas ; _c21 cm. |
||
| 336 |
_2rdacontent _atexto _btxt |
||
| 337 |
_2rdamedia _asin mediación _bn |
||
| 338 |
_2rdacarrier _avolumen _bnc |
||
| 590 | _aInventariado, 2023 / DG | ||
| 650 |
_aEVANGELIZACION _9476 |
||
| 650 |
_aTEOLOGIA PASTORAL _93734 |
||
| 710 | 2 |
_aIglesia Católica _bConsejo Episcopal Latinoamericano. _bSeccion de Juventud. _910709 |
|
| 830 |
_910710 _n93 |
||
| 910 | _aDG | ||
| 942 |
_2ddc _cLBS1 |
||
| 999 |
_c53914 _d53914 |
||